01415nac a22003251u 4500010001700000020001500017024001800032035002300050082002200073090001500095100003400110245010000144260003200244300002900276500002400305504006400329511002600393610003400419650005300453650003200506651004900538651004400587700001900631856008100650856010600731856009100837942002400928999001500952952012200967 a 2006372780 a08635651743 a9780863565175 a(OCoLC)ocm5706322804a322.42095692bQAS c8780d8780 aQassem, Naim 10aHizbullah :bthe story from within /cNaim Qassem ; translated from the Arabic by Dalia Khalil. aLondon :bSaqi,2005cc2005. a284 p. :bmaps ;c24 cm. adistributer: Baccah aIncludes bibliographical references (p. 279-282) and index. acatalogued by: wessam20aHizballah (Lebanon)xHistory. 0aNational liberation movementszLebanonxHistory. 0aPolitical partieszLebanon. 0aLebanonxPolitics and governmenty1975-1990. 0aLebanonxPolitics and governmenty1990-1 aKhalil, Dalia.413Table of contents onlyuhttp://www.loc.gov/catdir/toc/fy0604/2006372780.html413Contributor biographical informationuhttp://www.loc.gov/catdir/enhancements/fy0629/2006372780-b.html413Publisher descriptionuhttp://www.loc.gov/catdir/enhancements/fy0629/2006372780-d.html cNBk322.42095692QAS c8780d8780 00104070aMAINbMAINc1STd2008-03-24ePurchasel2o322.42095692QASp000010409r2025-07-15 00:00:00s2010-03-02yNB